Statistics for fortnite season 6 map

Click here to take the quiz!

General Stats

  • This quiz has been taken 78 times
  • The average score is 9 of 16

Answer Stats

HintAnswer% Correct
Ttilted towers
92%
Rretail row
80%
Ppleasant park
72%
Pparadise palms
68%
Ggreasy grove
67%
Llonely lodge
65%
Jjunk junction
63%
Wwailing woods
63%
Llucky landing
58%
Rrisky reels
57%
Ssnobby shores
57%
Ffatal fields
53%
Llazy links
53%
Ssalty sprins
3%
Lleaky leak
0%
Sshity shafats
0%

Score Distribution

Percentile by Number Answered

Percent of People with Each Score

Your Score History

You have not taken this quiz